Writing arguments: a rhetoric with readings. a rhetoric with readings

Saved in:
Bibliographic Details
Main Author: RAMAGE, John D
Format: Book
Language:English
Published: Pearson 2007
Tags: Add Tag
No Tags, Be the first to tag this record!

MARC

LEADER 00000nam a22000007a 4500
008 201207b ||||| |||| 00| 0 eng d
020 |a 0-321-41290-7 
100 |a RAMAGE, John D 
245 |a Writing arguments: a rhetoric with readings.  |b a rhetoric with readings  |c John D. Ramage, John C. Bean, June Johnson.  |g xxxii, 462p. 
250 |b 7th ed. 
260 |b Pearson  |c 2007  |h New York.  |i 681668  |l PE1431 .R14  |m English language – Rhetoric.  |m College readers. 
942 |a ddc  |c BK  |e Mr. Yunusa, A. A.  |f 07/12/2020 
952 |0 0  |1 0  |2 lcc  |4 0  |7 0  |8 NFIC  |9 49  |a HOL  |b HOL  |c LP  |d 2020-12-07  |o PE1431 .R14  |p 2020-0027  |y BK 
999 |c 27  |d 27